| 000 | 00704nas a2200241 4500 | ||
|---|---|---|---|
| 001 | BR9503250 | ||
| 003 | BR-BrBNA | ||
| 005 | 20231205094415.0 | ||
| 007 | ta | ||
| 008 | 230509b bl.|||p| |||| 00| 00por d | ||
| 040 |
_aBR-BrBNA _bpor _cBiblioteca Nacional de Agricultura |
||
| 041 | _a(Pt) | ||
| 072 | _aL70 | ||
| 100 | 1 | _aGorni, M. | |
| 245 | 1 | _aCastracao de leitoes pela injecao intratesticular de aldeido formico | |
| 650 | _aLeitao | ||
| 650 | _aCastracao | ||
| 650 | _aInjecao | ||
| 650 | _aTesticulo | ||
| 773 | 0 |
_tBoletim de Industria Animal (Brazil) _xISSN 0067-9615 _g(Jan-Jun 1974), v. 31(1) p. 139-152 _wBR9503250 |
|
| 909 |
_a202311 _bLúcia _c55 _dLúcia Elande |
||
| 942 |
_2AGRIS _n0 _cANA |
||
| 999 |
_c144105 _d144105 |
||